Tile Words Puzzle #4 - Statistics

General Stats
  • This quiz has been taken 3,053 times
    2,439 since last reset
  • The average score is 12 of 16
Answers on the Map
Answers color-coded by a green-red scale on the quiz's map according to % correct below.
 
Answer Stats
Answer % Correct
91%
89%
89%
89%
77%
73%
71%
70%
70%
70%
68%
67%
65%
63%
63%
63%
No matching quizzes found
Score Distribution
Percent of People with Each Score
Percentile by Number Answered
Your Score History
You have not taken this quiz since the last reset